00623nam a22002057a 450000500170000001000150001702000260003203500130005803700130007108200140008410000220009824500860012025000110020626000300021727000680024730000350031550000190035065000210036970000270039020140826145716.0 aENG-110602 a9788120350007c495.00 aEN-94134 bDBAD/PUB a621.38152 aStreetman, Ben G. aSolid state electronic devices /cby Ben G. Streetman [and] Sanjay Kumar Banerjee a7th ed aDelhibPHI Learningc2014 aRimjhim House, 111, Patparganj Industrial EstatebDelhie110092 axviii,596p. :c25cm(pbk)bill. aIncludes index a Semiconductors. aBanerjee, Sanjay Kumar